Racionalizace administrativních činností v podmínkách resortu MP ČSR /

Hlavní autor: Chmela, Vlastimil, 1934-
Další autoři: Holas, Zdeněk
Jazyk: Čeština
Vydáno: Praha : Institut pro výchovu vedoucích pracovníků ministerstva průmyslu ČSR, 1985
Edice: Knižnice moderních metod řízení
Témata:
Fyzický popis: 69 s.
Knihy
Uloženo v:
LEADER 01017nam a22002892a 4500
001 000850073
003 CZ BrMZK
005 20150520142527.0
007 ta
008 070510s1985 xr er|||||||||||cze d
015 |a cnb000034447 
035 |a (OCoLC)39436463 
040 |a BOA001  |b cze 
080 9 |a 651.011 
100 1 |a Chmela, Vlastimil,  |d 1934-  |7 xx0010339  |4 aut 
245 1 0 |a Racionalizace administrativních činností v podmínkách resortu MP ČSR /  |c Vlastimil Chmela, Holas, Bílek 
260 |a Praha :  |b Institut pro výchovu vedoucích pracovníků ministerstva průmyslu ČSR,  |c 1985 
300 |a 69 s. 
490 1 |a Knižnice moderních metod řízení 
504 |a Obsahuje bibliografii 
700 1 |a Holas, Zdeněk  |7 xx0149791  |4 aut 
830 0 |a Knižnice moderních metod řízení  |0 s 
910 |a BOA001  |b 2-0901.424 
964 |a Administrativa - racionalizace 
990 |a BK 
991 |b 200705 
996 6 |b 2619325891  |c 2-0901.424  |l MZK  |r Sklad / do 1 hodiny  |n 0  |w 000850073  |u 000010  |a 1  |e BOA001  |j MZK50  |s P